Hisar City : (Record no. 134470)
[ view plain ]
| 000 -LEADER | |
|---|---|
| fixed length control field | 00625nam a22002177a 4500 |
| 005 - DATE AND TIME OF LATEST TRANSACTION | |
| control field | 20170124110226.0 |
| 010 ## - LIBRARY OF CONGRESS CONTROL NUMBER | |
| LC control number | B-168340 |
| 020 ## - INTERNATIONAL STANDARD BOOK NUMBER | |
| Terms of availability | 600.00 |
| 035 ## - SYSTEM CONTROL NUMBER | |
| System control number | B-168340 |
| 037 ## - SOURCE OF ACQUISITION | |
| Source of stock number/acquisition | Cen Lib/Ret |
| 040 ## - CATALOGING SOURCE | |
| Original cataloging agency | DPL |
| Language of cataloging | EN |
| 082 ## - DEWEY DECIMAL CLASSIFICATION NUMBER | |
| Classification number | 954.14 |
| Item number | JUN |
| 100 ## - MAIN ENTRY--PERSONAL NAME | |
| Personal name | Juneja, M.M. |
| 9 (RLIN) | 16988 |
| 245 ## - TITLE STATEMENT | |
| Title | Hisar City : |
| Statement of responsibility, etc | by M.M.Juneja |
| Remainder of title | places & personalities / |
| 260 ## - PUBLICATION, DISTRIBUTION, ETC. (IMPRINT) | |
| Place of publication, distribution, etc | Hisar |
| Name of publisher, distributor, etc | Modern Publishers |
| Date of publication, distribution, etc | 2004 |
| 270 ## - ADDRESS | |
| Address | 1227-P, Urban Estate-II |
| City | Haryana |
| 300 ## - PHYSICAL DESCRIPTION | |
| Extent | xiv,744p. : |
| Dimensions | 21cm(Hb) |
| Other physical details | ill. |
| 650 ## - SUBJECT ADDED ENTRY--TOPICAL TERM | |
| Topical term or geographic name as entry element | Hisar -- History |
| 9 (RLIN) | 40816 |
| 650 ## - SUBJECT ADDED ENTRY--TOPICAL TERM | |
| Topical term or geographic name as entry element | Hisar -- Biography |
| 9 (RLIN) | 40817 |
| 942 ## - ADDED ENTRY ELEMENTS (KOHA) | |
| Source of classification or shelving scheme | Dewey Decimal Classification |
| Koha item type | English Books |
| Classification part | 954.14 |
| Call number suffix | JUN |
| Withdrawn status | Lost status | Damaged status | Not for loan | Collection code | Home library | Current library | Date acquired | Source of acquisition | Cost, normal purchase price | Total Checkouts | Full call number | Barcode | Date last seen | Copy number | Cost, replacement price | Price effective from | Koha item type | Source of classification or shelving scheme | Date checked out |
|---|---|---|---|---|---|---|---|---|---|---|---|---|---|---|---|---|---|---|---|
| Not For Loan | Reference | Central Library | Central Library | 30/07/2015 | Cen Lib/Ret | 600.00 | 954.14 JUN | B-168340 | 30/07/2015 | 1 | 600.00 | 30/07/2015 | English Books | ||||||
| Central Library | Central Library | 27/11/2016 | Cen Lib/Ret | 600.00 | 1 | 954.14 JUN | B-168339 | 15/03/2023 | 2 | 600.00 | 27/11/2016 | English Books | Dewey Decimal Classification | 01/03/2023 |
